Redukcia rizika optimálnym zaistením a metóda Value-at-Risk

Postup stanovenia optimálnej zaisťovacej ochrany. Skúmanie procesu prebytku. Minimalizácia pravdepodobnosti krachu. Stanovenie hodnoty VaR. Praktická ukážka redukcie rizika poisťovateľa.

Salvato in:
Dettagli Bibliografici
Autore principale: Horáková, Galina
Altri autori: Slaninka, František, 1973-
Natura: Capitolo di libro
Lingua:slovacco
Soggetti:
Tags: Aggiungi Tag
Nessun Tag, puoi essere il primo ad aggiungerne!!

MARC

LEADER 00000nla$a2200000$$$4500
001 0088873
005 20240502072007.7
041 0 |a slo 
044 |a SK 
245 1 0 |a Redukcia rizika optimálnym zaistením a metóda Value-at-Risk  |c Galina Horáková, František Slaninka 
520 |a Postup stanovenia optimálnej zaisťovacej ochrany. Skúmanie procesu prebytku. Minimalizácia pravdepodobnosti krachu. Stanovenie hodnoty VaR. Praktická ukážka redukcie rizika poisťovateľa. 
610 2 0 |a poisťovníctvo 
610 2 0 |a poisťovne 
610 2 0 |a poistenie 
610 2 0 |a zaistenie 
610 2 0 |a zaisťovne 
610 2 0 |a škody 
610 2 0 |a strata 
610 2 0 |a riziko poistné 
610 2 0 |a modelovanie 
610 2 0 |a modely 
100 1 |a Horáková, Galina 
700 1 |a Slaninka, František, 1973-